000 00442nam a2200145Ia 4500
003 OSt
005 20260120151705.0
008 211028s2014 xx 000 0 und d
040 _cAIMIT LIBRARY
041 _aeng
100 _aPrashanth; James, Justine.
_g1216086
_97199
245 _aStudy on employee perception towards the hr policies of secuent scientific ltd Mangalore /
260 _aMangalore
_bJustine James
_c2014
942 _2ddc
_cPRO
999 _c218769
_d218769